00988nai a2200229Ia 4500003000900000008004100009022002200050022002300072040001600095245005600111260008600167310001400253362003200267521006900299650004700368650003700415650001900452856009300471942000700564999001700571952017000588IN-BaIIA211028c9999 xx s 000 0 eng d a0097-1049 (Print) a2168-0795 (Online) cIIA Library 0aIRE Transactions on Medical Electronicsh[eJournal] aNew York, USAbThe Institute of Electrical and Electronics Engineers, Inc. (IEEE) aQuarterly aPGME-2;1955 - ME-7(4); 1960 bSubscribed through National Knowledge Resource Consortium (NKRC) a Components, Circuits, Devices and Systems a Computing and Processing948785 aBioengineering uhttps://ieeexplore.ieee.org/servlet/opac?punumber=5007879yClick Here to Access eJournal cEJ c34922d34922 00104070aBANbBANd2009-01-01eNKRChPGME-2;1955 - ME-7(4); 1960l0pEJ1006r2021-11-05uhttps://ieeexplore.ieee.org/servlet/opac?punumber=5007879w2021-11-05yEJ